| 000 | 01077cam a2200301 i 4500 | ||
|---|---|---|---|
| 001 | 29148 | ||
| 003 | Mx-PuUPA | ||
| 005 | 20250331091137.0 | ||
| 008 | 140415s1992 mx gr 001 0 spa d | ||
| 020 | _a9681205448 | ||
| 040 |
_cMx-PuUPA _aMx-PuUPA _bspa _dMx-PuUPA _erda |
||
| 041 | 0 | _aspa | |
| 100 | 1 |
_aAstey V., Luis, _d1921- _eautor _916844 |
|
| 245 | 1 | 0 |
_aDramas litúrgicos del occidente medieval / _cLuis Astey V. |
| 250 | _aPrimera edición | ||
| 264 | 1 |
_aMéxico, D.F. : _bEl Colegio de México : _bInstituto Tecnológico Autónomo de México : _bConsejo Nacional de Ciencia y Tecnología, _c1992 |
|
| 300 |
_a682 páginas ; _c22 cm |
||
| 336 |
_2rdacontent _atexto _btxt |
||
| 337 |
_2rdamedia _asin medio _bn |
||
| 338 |
_2rdacarrier _avolumen _bnc |
||
| 490 | 0 |
_aEstudios de Lingüística y Literatura ; _vXXII |
|
| 650 | 7 |
_2armarc _aDrama cristiano, latín (medieval y moderno) |
|
| 650 | 7 |
_2armarc _aDrama litúrgico |
|
| 942 |
_2ddc _cLI _h246.7 _iA85 |
||
| 999 |
_c29148 _d29148 |
||